Triangulated categories in the representation theory of finite dimensional algebras /
Guardado en:
| Autor Principal: | |
|---|---|
| Formato: | Libro |
| Idioma: | English |
| Publicado: |
Cambridge ; New York :
Cambridge University Press,
1988.
|
| Series: | London Mathematical Society lecture note series ;
119 |
| Acceso en línea: | Publisher description |
| Etiquetas: |
Agregar Etiqueta
Sin Etiquetas, Sea el primero en etiquetar este registro!
|
| LEADER | 01044cam a22002418a 4500 | ||
|---|---|---|---|
| 001 | MAT.inmabb002529 | ||
| 008 | 871015s1988####enka#####b####001#0#eng## | ||
| 005 | 20130228162641.0 | ||
| 245 | 1 | 0 | |a Triangulated categories in the representation theory of finite dimensional algebras / |c Dieter Happel. |
| 260 | |a Cambridge ; |a New York : |b Cambridge University Press, |c 1988. | ||
| 300 | |a ix, 208 p. : |b il. ; |c 22 cm. | ||
| 440 | 0 | |a London Mathematical Society lecture note series ; |v 119 | |
| 504 | |a Bibliografía: p. 203-206. | ||
| 500 | |a Incluye índices. | ||
| 505 | 0 | |a 1. Triangulated categories -- 2. Repetitive algebras -- 3. Tilting theory -- 4. Piecewise hereditary algebras -- 5. Trivial extension algebras. | |
| 510 | 4 | |a MR, |c 89e:16035 | |
| 020 | |a 0521339227 | ||
| 100 | 1 | |a Happel, Dieter, |d 1953- | |
| 084 | |a 16Gxx (16G30 16G60 16G99 18E30) |2 msc2000 | ||
| 010 | |a 87030100 | ||
| 040 | |a DLC |c DLC |d DLC | ||
| 856 | 4 | 2 | |3 Publisher description |u http://www.loc.gov/catdir/description/cam023/87030100.html |
| 859 | |h 16 |i H252 |p A-8178 |b BIB. MATEMATICA | ||
